|
|
|
|
| LEADER |
00000nab#a22000007a#4500 |
| 001 |
arbauad045724 |
| 003 |
AR-BaUAD |
| 005 |
20250711113524.0 |
| 008 |
000811|||||||||###||||||b###|0###a|spa|| |
| 040 |
|
|
|a AR-BaUAD
|c AR-BaUAD
|b spa
|
| 100 |
|
|
|a Briatore, Virginio
|
| 245 |
|
|
|a Novità :
|b Cibo tra rito e design /
|c Virginio Briatore;
|
| 300 |
0 |
|
|b fot.
|
| 653 |
|
|
|a ITALIA
|
| 653 |
|
|
|a UTENSILIOS
|
| 653 |
|
|
|a OLLAS
|
| 653 |
|
|
|a SOCIOLOGIA
|
| 653 |
|
|
|a CULTURA
|
| 653 |
|
|
|a COCINAS
|
| 653 |
|
|
|a DISEÑO INDUSTRIAL
|
| 773 |
0 |
|
|t INTERNI
|g no. 499 [mar. 2000], p. 22-23
|
| 942 |
|
|
|c ARTI
|
| 952 |
|
|
|0 0
|1 0
|4 0
|7 0
|9 90643
|a AR-BAuAD
|b AR-BAuAD
|d 2025-07-11
|l 0
|p AAQA045724
|r 2025-07-11 11:35:24
|w 2025-07-11
|y ARTI
|
| 990 |
|
|
|a CS200
|b TD
|
| 990 |
|
|
|a DI200
|b TD
|
| 998 |
|
|
|a AAQ
|b BIBUN76
|
| 999 |
|
|
|c 70316
|d 70316
|